| 000 | 01097nam0a22002531 4500 | ||
|---|---|---|---|
| 001 | rc\81026 | ||
| 005 | 20250620173134.0 | ||
| 035 | _a(NLR Aleph) 005350637 | ||
| 090 |
_a6793009 _c6793009 |
||
| 100 | _a20021216d1995 |||y0rusy50 ca | ||
| 101 | 0 | _arus | |
| 102 | _aRU | ||
| 105 | _ay ||||||||| | ||
| 200 | 1 |
_aВыявление уровня преступлений в сфере незаконного оборота наркотиков и характеристика лиц, осужденных за них _eПособие _fВ.Д. Пахомов, В.А. Казакова, С.В. Фирсаков _gМ-во внутр. дел Рос. Федерации. Всерос. НИИ |
|
| 210 |
_aМ. _cВНИИ МВД РФ _d1995 |
||
| 215 |
_a72 с. _d20 |
||
| 700 | 1 |
_aПахомов _bВ.Д. _gВалерий Дмитриевич |
|
| 701 | 1 |
_aКазакова _bВ.А. _gВера Александровна |
|
| 701 | 1 |
_aФирсаков _bС.В. _gСергей Васильевич |
|
| 801 | 0 |
_aRU _bNLR _gpsbo |
|
| 801 | 1 |
_aRU _bELAR _2rusmarc |
|
| 852 |
_aNLR _j95-4/9297 |
||
| 942 | _cBOOK | ||
| 980 | _aNB | ||